000 00834nmm a2200265 a 4500
001 ocm0001520586
003 TR-IsHL
005 20201028163053.0
008 170206s2016 tu tur
007 cr cn
020 _a9786054908325
035 _a1520586
_b(N$T)
050 0 4 _aBP166.89
_b.S89 2016
090 0 4 _aBP166.89
_b.S89 2016
100 1 _aİmam Celaleddin es-Suyuti
245 1 0 _aCinler alemi
_h[electronic resource] /
_cİmam Celaleddin es-Suyuti
260 _aİstanbul :
_bMercan Kitap,
_c2016
300 _a441 p.
650 4 _aFelsefe, Psikoloji ve Din
650 4 _aPhilosophy, Psychology and Religion
650 0 _aCinler
650 0 _aJinn
650 7 _aRELIGION / Islam / General
_2bisacsh
856 4 0 _uhttp://search.ebscohost.com/login.aspx?direct=true&scope=site&db=e011xww&AN=1520586
999 _c15147
_d15147